000 01136nam a2200289 i 4500
005 20221127114221.0
008 221127t2022 mnuao j 001 0 eng d
020 _a9781728449357
_cRM 42.70
_qpaperback
040 _aPPAK
_beng
_cPPAK
_erda
082 0 4 _223
_a383
090 0 0 _a383
_bPET
_dK
100 1 _aPeterson, Christy,
_eauthor.
245 1 2 _aA Trip to the POST OFFICE with SESAME STREET /
_cChristy Peterson
264 1 _aMinneapolis :
_bLerner Publications Company ,
_c[2022]
264 4 _c©2022
300 _a24 pages :
_bcolour illustrations, colour photographs ;
_c25 x 20 cm.
336 _2rdacontent
_atext
336 _2rdacontent
_astill images
337 _2rdamedia
_aunmediated
338 _2rdacarrier
_avolume
490 1 _aSesame Street Field Trips
500 _aIncludes index.
520 _a"Readers will love heading to the post office with their favorite Sesame Street characters to discover how mail works! They'll also get to learn how to write and send a letter"-- Provided by publisher.
650 1 0 _aPostal service
_vJuvenile literature.
830 0 _aSesame Street field trips
942 _2ddc
_cB
999 _c190204
_d190204